[Event "Stay Safe Play From Home 407"]
[Site "Emanuel Lasker Arena"]
[Date "2020.08.24"]
[Round "3"]
[White "Hickey"]
[Black "Mepe_Nika"]
[Result "0-1"]
[WhiteElo "2169"]
[BlackElo "2365"]
[PlyCount "92"]
[EventDate "2020.08.24"]
[EventType "swiss (blitz)"]

1. b3 {[%emt 0:00:03]} d5 {[%emt 0:00:01]} 2. Bb2 {[%emt 0:00:01]} Bf5 {[%emt 0:00:00]} 3. Nf3 {[%emt 0:00:02]} e6 {[%emt 0:00:01]} 4. e3 {[%emt 0:00:01]} Nf6 {[%emt 0:00:01]} 5. Be2 {[%emt 0:00:00]} Be7 {[%emt 0:00:00]} 6. Nh4 {[%emt 0:00:01]} Be4 {[%emt 0:00:02]} 7. d3 {[%emt 0:00:02]} Bg6 {[%emt 0:00:00]} 8. O-O {[%emt 0:00:02]} c5 {[%emt 0:00:05]} 9. Nd2 {[%emt 0:00:01]} Nc6 {[%emt 0:00:01]} 10. f4 {[%emt 0:00:01]} O-O {[%emt 0:00:02]} 11. h3 {[%emt 0:00:04]} Nd7 {[%emt 0:00:02]} 12. Nxg6 {[%emt 0:00:01]} hxg6 {[%emt 0:00:00]} 13. e4 {[%emt 0:00:03]} Bf6 {[%emt 0:00:07]} 14. e5 {[%emt 0:00:01]} Be7 {[%emt 0:00:00]} 15. Nf3 {[%emt 0:00:06]} b5 {[%emt 0:00:02]} 16. c4 {[%emt 0:00:02]} bxc4 {[%emt 0:00:02]} 17. dxc4 {[%emt 0:00:00]} d4 {[%emt 0:00:02]} 18. Bd3 {[%emt 0:00:01]} a5 {[%emt 0:00:08]} 19. Be4 {[%emt 0:00:04]} Qb6 {[%emt 0:00:03]} 20. h4 {[%emt 0:00:03]} a4 {[%emt 0:00:17]} 21. Ng5 {[%emt 0:00:04]} axb3 {[%emt 0:00:11]} 22. axb3 {[%emt 0:00:00]} Rxa1 {[%emt 0:00:02]} 23. Bxa1 {[%emt 0:00:00]} Ra8 {[%emt 0:00:08]} 24. Bb2 {[%emt 0:00:02]} Ra2 {[%emt 0:00:04]} 25. Bc1 {[%emt 0:00:04]} Na5 {[%emt 0:00:03]} 26. Rf3 {[%emt 0:00:03]} Ra1 {[%emt 0:00:02]} 27. h5 {[%emt 0:00:17] Hickey offers a draw Hickey offers a draw Hickey offers a draw} Bxg5 {[%emt 0:00:30]} 28. fxg5 {[%emt 0:00:05]} Nxe5 {[%emt 0:00:01]} 29. Rf1 {[%emt 0:00:13]} Nxb3 {[%emt 0:00:05]} 30. hxg6 {[%emt 0:00:05]} Rxc1 {[%emt 0:00:11]} 31. Qh5 {[%emt 0:00:01]} Rxf1+ {[%emt 0:00:02]} 32. Kxf1 {[%emt 0:00:00]} fxg6 {[%emt 0:00:01]} 33. Bxg6 {[%emt 0:00:01]} Nxg6 {[%emt 0:00:01]} 34. Qxg6 {[%emt 0:00:00]} Nd2+ {[%emt 0:00:01]} 35. Ke2 {[%emt 0:00:02]} Qc6 {[%emt 0:00:11]} 36. Kxd2 {[%emt 0:00:04]} Qxg2+ {[%emt 0:00:01]} 37. Kc1 {[%emt 0:00:01]} Qc6 {[%emt 0:00:01]} 38. Qh5 {[%emt 0:00:04]} Qd6 {[%emt 0:00:02]} 39. Qe8+ {[%emt 0:00:07]} Qf8 {[%emt 0:00:01]} 40. Qxe6+ {[%emt 0:00:00]} Qf7 {[%emt 0:00:04]} 41. Qc8+ {[%emt 0:00:00]} Kh7 {[%emt 0:00:01]} 42. Qxc5 {[%emt 0:00:12]} Qf4+ {[%emt 0:00:02]} 43. Kc2 {[%emt 0:00:02]} Qf2+ {[%emt 0:00:02]} 44. Kd3 {[%emt 0:00:01]} Qe3+ {[%emt 0:00:01]} 45. Kc2 {[%emt 0:00:02]} d3+ {[%emt 0:00:00]} 46. Kb2 {[%emt 0:00:03]} Qxc5 {[%emt 0:00:00] Hickey resigns Hickey resigns Hickey resigns (Lag: Av=0.62s, max=1.0s) (Lag: Av=0.62s, max=1.0s) (Lag: Av=0.62s, max=1.0s)} 0-1

[Event "Stay Safe Play From Home 407"]
[Site "Emanuel Lasker Arena"]
[Date "2020.08.24"]
[Round "3"]
[White "Nguyen Hong Anh"]
[Black "Lucknow"]
[Result "1-0"]
[WhiteElo "2005"]
[BlackElo "1975"]
[Annotator "NA"]
[PlyCount "45"]
[EventDate "2020.08.24"]
[EventType "swiss (blitz)"]

1. d4 {[%emt 0:00:17]} d5 {[%emt 0:00:01]} 2. c4 {[%emt 0:00:01]} c6 {[%emt 0:00:01]} 3. Nf3 {[%emt 0:00:01]} Nf6 {[%emt 0:00:01]} 4. Qc2 {[%emt 0:00:01]} e6 {[%emt 0:00:01]} 5. g4 {[%emt 0:00:01]} Be7 {[%emt 0:00:03]} 6. h3 {[%emt 0:00:01]} h6 {[%emt 0:00:01]} 7. Bg2 {[%emt 0:00:01]} dxc4 {[%emt 0:00:08]} 8. Qxc4 {[%emt 0:00:03]} Nbd7 {[%emt 0:00:00]} 9. O-O {[%emt 0:00:01]} Nb6 {[%emt 0:00:01]} 10. Qb3 {[%emt 0:00:01]} O-O {[%emt 0:00:02]} 11. Nc3 {[%emt 0:00:02]} c5 {[%emt 0:00:04]} 12. dxc5 {[%emt 0:00:02]} Bxc5 {[%emt 0:00:01]} 13. Bf4 {[%emt 0:00:01]} Qe7 {[%emt 0:00:05]} 14. Rac1 {[%emt 0:00:02]} Nfd5 {[%emt 0:00:07]} 15. Nxd5 {[%emt 0:00:03]} Nxd5 {[%emt 0:00:00]} 16. Bd2 {[%emt 0:00:01]} Bd6 {[%emt 0:00:04]} 17. e4 {[%emt 0:00:04]} Nf4 {[%emt 0:00:06]} 18. e5 {[%emt 0:00:04]} Ne2+ {[%emt 0:00:01]} 19. Kh1 {[%emt 0:00:20]} Bc5 {[%emt 0:00:26]} 20. Rce1 {[%emt 0:00:16]} Nd4 {[%emt 0:00:03]} 21. Nxd4 {[%emt 0:00:05]} Bxd4 {[%emt 0:00:00]} 22. Qc4 {[%emt 0:00:06]} Bxb2 {[%emt 0:00:12]} 23. Bb4 {[%emt 0:00:02] Lucknow gibt auf Lucknow gibt auf Lucknow gibt auf (Lag: Av=1.13s, max=2.0s) (Lag: Av=1.13s, max=2.0s) (Lag: Av=1.13s, max=2.0s)} 1-0

[Event "Stay Safe Play From Home 407"]
[Site "Emanuel Lasker Arena"]
[Date "2020.08.24"]
[Round "3"]
[White "Greblah"]
[Black "Dukic"]
[Result "1-0"]
[WhiteElo "1942"]
[BlackElo "1804"]
[PlyCount "63"]
[EventDate "2020.08.24"]
[EventType "swiss (blitz)"]

1. e4 {[%emt 0:00:01]} c6 {[%emt 0:00:02]} 2. d4 {[%emt 0:00:02]} d6 {[%emt 0:00:00]} 3. Nc3 {[%emt 0:00:03]} Nd7 {[%emt 0:00:01]} 4. f4 {[%emt 0:00:01]} e5 {[%emt 0:00:01]} 5. fxe5 {[%emt 0:00:01]} dxe5 {[%emt 0:00:01]} 6. Nf3 {[%emt 0:00:01]} Qc7 {[%emt 0:00:02]} 7. dxe5 {[%emt 0:00:02]} Nxe5 {[%emt 0:00:01]} 8. Be2 {[%emt 0:00:02]} Bd6 {[%emt 0:00:02]} 9. O-O {[%emt 0:00:00]} Nxf3+ {[%emt 0:00:01]} 10. Rxf3 {[%emt 0:00:01]} Bxh2+ {[%emt 0:00:01]} 11. Kf1 {[%emt 0:00:01]} Be5 {[%emt 0:00:01]} 12. Bc4 {[%emt 0:00:05]} Nf6 {[%emt 0:00:01]} 13. Bg5 {[%emt 0:00:04]} Bg4 {[%emt 0:00:01]} 14. Bxf6 {[%emt 0:00:04]} Bxf6 {[%emt 0:00:03]} 15. Ne2 {[%emt 0:00:10]} Bxf3 {[%emt 0:00:04]} 16. gxf3 {[%emt 0:00:01]} O-O {[%emt 0:00:01]} 17. Qe1 {[%emt 0:00:01]} Be5 {[%emt 0:00:03]} 18. Rd1 {[%emt 0:00:02]} Kh8 {[%emt 0:00:04]} 19. Qh4 {[%emt 0:00:01]} f5 {[%emt 0:00:03]} 20. f4 {[%emt 0:00:01]} Bxb2 {[%emt 0:00:03]} 21. e5 {[%emt 0:00:01]} Rad8 {[%emt 0:00:02]} 22. Bd3 {[%emt 0:00:02]} g6 {[%emt 0:00:03]} 23. Ng3 {[%emt 0:00:02]} Bd4 {[%emt 0:00:04]} 24. Rd2 {[%emt 0:00:02]} c5 {[%emt 0:00:01]} 25. Rh2 {[%emt 0:00:02]} c4 {[%emt 0:00:03]} 26. Be2 {[%emt 0:00:06]} Rf7 {[%emt 0:00:02]} 27. Qh6 {[%emt 0:00:03]} Qb6 {[%emt 0:00:08]} 28. Qh4 {[%emt 0:00:10]} Qb1+ {[%emt 0:00:01]} 29. Kg2 {[%emt 0:00:02]} Qxc2 {[%emt 0:00:03]} 30. Qxd8+ {[%emt 0:00:02]} Kg7 {[%emt 0:00:02]} 31. Qxd4 {[%emt 0:00:01]} Qxe2+ {[%emt 0:00:02]} 32. Nxe2 {[%emt 0:00:01] Dukic gibt auf Dukic gibt auf Dukic gibt auf (Lag: Av=0.35s, max=0.9s) (Lag: Av=0.35s, max=0.9s) (Lag: Av=0.35s, max=0.9s)} 1-0

[Event "Stay Safe Play From Home 407"]
[Site "Emanuel Lasker Arena"]
[Date "2020.08.24"]
[Round "3"]
[White "Padmaesh M K"]
[Black "Klasman"]
[Result "1-0"]
[WhiteElo "1851"]
[BlackElo "1513"]
[Annotator "NA"]
[PlyCount "89"]
[EventDate "2020.08.24"]
[EventType "swiss (blitz)"]

1. e4 {[%emt 0:00:03]} f5 {[%emt 0:00:01]} 2. exf5 {[%emt 0:00:02]} Nf6 {[%emt 0:00:01]} 3. d4 {[%emt 0:00:02]} d5 {[%emt 0:00:02]} 4. Bd3 {[%emt 0:00:01]} Nc6 {[%emt 0:00:01]} 5. Bg5 {[%emt 0:00:02]} e6 {[%emt 0:00:01]} 6. Bxf6 {[%emt 0:00:03]} Qxf6 {[%emt 0:00:02]} 7. Qh5+ {[%emt 0:00:01]} Qf7 {[%emt 0:00:16]} 8. Qxf7+ {[%emt 0:00:02]} Kxf7 {[%emt 0:00:01]} 9. fxe6+ {[%emt 0:00:01]} Bxe6 {[%emt 0:00:01]} 10. Nf3 {[%emt 0:00:01]} Bd6 {[%emt 0:00:05]} 11. O-O {[%emt 0:00:02]} h6 {[%emt 0:00:07]} 12. Re1 {[%emt 0:00:06]} Rhe8 {[%emt 0:00:03]} 13. c3 {[%emt 0:00:04]} Bg4 {[%emt 0:00:03]} 14. Rxe8 {[%emt 0:00:02]} Rxe8 {[%emt 0:00:03]} 15. Nbd2 {[%emt 0:00:00]} Bf4 {[%emt 0:00:03]} 16. Kf1 {[%emt 0:00:05]} Bxd2 {[%emt 0:00:06]} 17. Nxd2 {[%emt 0:00:00]} g6 {[%emt 0:00:07]} 18. h3 {[%emt 0:00:04]} Bf5 {[%emt 0:00:03]} 19. Bxf5 {[%emt 0:00:03]} gxf5 {[%emt 0:00:01]} 20. Re1 {[%emt 0:00:03]} Rxe1+ {[%emt 0:00:02]} 21. Kxe1 {[%emt 0:00:01]} Kf6 {[%emt 0:00:02]} 22. Ke2 {[%emt 0:00:01]} Ne7 {[%emt 0:00:06]} 23. Kf3 {[%emt 0:00:02]} b5 {[%emt 0:00:02]} 24. Nb3 {[%emt 0:00:05]} c6 {[%emt 0:00:09]} 25. Na5 {[%emt 0:00:04]} Kg5 {[%emt 0:00:06]} 26. Kg3 {[%emt 0:00:04]} h5 {[%emt 0:00:05]} 27. f4+ {[%emt 0:00:05]} Kg6 {[%emt 0:00:06]} 28. Kh4 {[%emt 0:00:04]} Kh6 {[%emt 0:00:04]} 29. g4 {[%emt 0:00:10]} hxg4 {[%emt 0:00:13]} 30. hxg4 {[%emt 0:00:00]} fxg4 {[%emt 0:00:07]} 31. Kxg4 {[%emt 0:00:00]} Kg6 {[%emt 0:00:01]} 32. a3 {[%emt 0:00:10]} Kf6 {[%emt 0:00:05]} 33. f5 {[%emt 0:00:03]} a6 {[%emt 0:00:12]} 34. Kf4 {[%emt 0:00:05]} Nxf5 {[%emt 0:00:08]} 35. Nxc6 {[%emt 0:00:02]} Nd6 {[%emt 0:00:01]} 36. Nb4 {[%emt 0:00:05]} Nc4 {[%emt 0:00:02]} 37. Nxd5+ {[%emt 0:00:01]} Kf7 {[%emt 0:00:06]} 38. Nc7 {[%emt 0:00:02]} Nxb2 {[%emt 0:00:03]} 39. Nxa6 {[%emt 0:00:01]} Nc4 {[%emt 0:00:01]} 40. Ke4 {[%emt 0:00:04]} Nxa3 {[%emt 0:00:01]} 41. Nb4 {[%emt 0:00:09]} Nb1 {[%emt 0:00:02]} 42. Nd5 {[%emt 0:00:01]} Ke8 {[%emt 0:00:04]} 43. Ke5 {[%emt 0:00:02]} Kd7 {[%emt 0:00:01]} 44. Nf6+ {[%emt 0:00:01]} Kc6 {[%emt 0:00:01]} 45. Nd5 {[%emt 0:00:01] Time Time Time (Lag: Av=0.50s, max=0.7s) (Lag: Av=0.50s, max=0.7s) (Lag: Av=0.50s, max=0.7s)} 1-0

[Event "Stay Safe Play From Home 407"]
[Site "Emanuel Lasker Arena"]
[Date "2020.08.24"]
[Round "4"]
[White "Hickey"]
[Black "Nguyen Hong Anh"]
[Result "1-0"]
[WhiteElo "2161"]
[BlackElo "2033"]
[Annotator "NA"]
[PlyCount "59"]
[EventDate "2020.08.24"]
[EventType "swiss (blitz)"]

1. Nf3 {[%emt 0:00:30]} Nf6 {[%emt 0:00:04]} 2. g3 {[%emt 0:00:00]} g6 {[%emt 0:00:30]} 3. Bg2 {[%emt 0:00:00]} Bg7 {[%emt 0:00:09]} 4. O-O {[%emt 0:00:00]} O-O {[%emt 0:00:00]} 5. c4 {[%emt 0:00:03]} d5 {[%emt 0:00:01]} 6. cxd5 {[%emt 0:00:04]} Nxd5 {[%emt 0:00:01]} 7. Nc3 {[%emt 0:00:00]} c5 {[%emt 0:00:01]} 8. Qb3 {[%emt 0:00:16]} Nb6 {[%emt 0:00:06]} 9. d3 {[%emt 0:00:14]} Nc6 {[%emt 0:00:03]} 10. Be3 {[%emt 0:00:01]} Be6 {[%emt 0:00:04]} 11. Qd1 {[%emt 0:00:08]} c4 {[%emt 0:00:03]} 12. d4 {[%emt 0:00:10]} Nd5 {[%emt 0:00:08]} 13. Nxd5 {[%emt 0:00:05]} Bxd5 {[%emt 0:00:01]} 14. Qc2 {[%emt 0:00:14]} Rc8 {[%emt 0:00:12]} 15. Rfd1 {[%emt 0:00:05]} Qa5 {[%emt 0:00:05]} 16. Bd2 {[%emt 0:00:08]} Qb6 {[%emt 0:00:02]} 17. Bc3 {[%emt 0:00:02]} Rfd8 {[%emt 0:00:02]} 18. e4 {[%emt 0:00:03]} e5 {[%emt 0:00:33]} 19. exd5 {[%emt 0:00:04]} Nxd4 {[%emt 0:00:01]} 20. Qe4 {[%emt 0:00:03]} f5 {[%emt 0:00:09]} 21. Qh4 {[%emt 0:00:21]} Ne2+ {[%emt 0:00:03]} 22. Kh1 {[%emt 0:00:02]} Nxc3 {[%emt 0:00:01]} 23. bxc3 {[%emt 0:00:00]} h6 {[%emt 0:00:03]} 24. Rab1 {[%emt 0:00:06]} Qxf2 {[%emt 0:00:04]} 25. Rxb7 {[%emt 0:00:04]} Qe2 {[%emt 0:00:08]} 26. Rd2 {[%emt 0:00:08]} Qe4 {[%emt 0:00:10]} 27. Qe7 {[%emt 0:00:02]} Rd7 {[%emt 0:00:06]} 28. Qxd7 {[%emt 0:00:01]} Bf6 {[%emt 0:00:02]} 29. Qf7+ {[%emt 0:00:01]} Kh8 {[%emt 0:00:02]} 30. Qh7# {[%emt 0:00:00] (Lag: Av=1.18s, max=2.0s) (Lag: Av=1.18s, max=2.0s) (Lag: Av=1.18s, max=2.0s)} 1-0

[Event "Stay Safe Play From Home 407"]
[Site "Emanuel Lasker Arena"]
[Date "2020.08.24"]
[Round "4"]
[White "Ionelluca"]
[Black "Mepe_Nika"]
[Result "0-1"]
[WhiteElo "2019"]
[BlackElo "2373"]
[PlyCount "60"]
[EventDate "2020.08.24"]
[EventType "swiss (blitz)"]

1. c4 {[%emt 0:00:05]} c6 {[%emt 0:00:03]} 2. g3 {[%emt 0:00:01]} d5 {[%emt 0:00:01]} 3. Bg2 {[%emt 0:00:00]} Nf6 {[%emt 0:00:01]} 4. Nf3 {[%emt 0:00:01]} dxc4 {[%emt 0:00:01]} 5. Na3 {[%emt 0:00:04]} Be6 {[%emt 0:00:02]} 6. Qc2 {[%emt 0:00:03]} b5 {[%emt 0:00:07]} 7. Ne5 {[%emt 0:00:03]} Qb6 {[%emt 0:00:10]} 8. b3 {[%emt 0:00:11]} Bd5 {[%emt 0:00:06]} 9. Bxd5 {[%emt 0:00:14]} cxd5 {[%emt 0:00:03]} 10. bxc4 {[%emt 0:00:08]} dxc4 {[%emt 0:00:03]} 11. Rb1 {[%emt 0:00:02]} a6 {[%emt 0:00:40]} 12. O-O {[%emt 0:00:18]} Qc7 {[%emt 0:00:15]} 13. f4 {[%emt 0:00:06]} e6 {[%emt 0:00:03]} 14. e3 {[%emt 0:00:10]} Nbd7 {[%emt 0:00:02]} 15. Bb2 {[%emt 0:00:10]} Be7 {[%emt 0:00:08]} 16. d3 {[%emt 0:00:03]} O-O {[%emt 0:00:03]} 17. dxc4 {[%emt 0:00:03]} b4 {[%emt 0:00:01]} 18. Nxd7 {[%emt 0:00:12]} Nxd7 {[%emt 0:00:04]} 19. Qc1 {[%emt 0:00:12]} bxa3 {[%emt 0:00:02]} 20. Bxa3 {[%emt 0:00:01]} Bxa3 {[%emt 0:00:00]} 21. Qxa3 {[%emt 0:00:01]} Qc5 {[%emt 0:00:01]} 22. Qc3 {[%emt 0:00:11]} Rfc8 {[%emt 0:00:02]} 23. Rbc1 {[%emt 0:00:02]} Rab8 {[%emt 0:00:02]} 24. Rfd1 {[%emt 0:00:02]} Nf6 {[%emt 0:00:01]} 25. Qd3 {[%emt 0:00:03]} h5 {[%emt 0:00:01]} 26. Kg2 {[%emt 0:00:01]} Rb2+ {[%emt 0:00:01]} 27. Kh3 {[%emt 0:00:01]} Ng4 {[%emt 0:00:02]} 28. Rd2 {[%emt 0:00:01]} Nf2+ {[%emt 0:00:04]} 29. Rxf2 {[%emt 0:00:01]} Rxf2 {[%emt 0:00:00]} 30. Qd7 {[%emt 0:00:01]} Qf5+ {[%emt 0:00:02] Ionelluca resigns Ionelluca resigns Ionelluca resigns (Lag: Av=0.56s, max=1.1s) (Lag: Av=0.56s, max=1.1s) (Lag: Av=0.56s, max=1.1s)} 0-1

[Event "Stay Safe Play From Home 407"]
[Site "Emanuel Lasker Arena"]
[Date "2020.08.24"]
[Round "4"]
[White "Lazieri3"]
[Black "Padmaesh M K"]
[Result "1-0"]
[WhiteElo "1981"]
[BlackElo "1855"]
[Annotator "NA"]
[PlyCount "69"]
[EventDate "2020.08.24"]
[EventType "swiss (blitz)"]

1. e4 {[%emt 0:00:04]} c5 {[%emt 0:00:02]} 2. Nc3 {[%emt 0:00:00]} Nc6 {[%emt 0:00:02]} 3. d3 {[%emt 0:00:00]} e5 {[%emt 0:00:01]} 4. Nf3 {[%emt 0:00:00]} d6 {[%emt 0:00:02]} 5. Bg5 {[%emt 0:00:01]} Be7 {[%emt 0:00:01]} 6. Bxe7 {[%emt 0:00:01]} Ngxe7 {[%emt 0:00:02]} 7. Be2 {[%emt 0:00:03]} O-O {[%emt 0:00:01]} 8. O-O {[%emt 0:00:01]} f5 {[%emt 0:00:01]} 9. exf5 {[%emt 0:00:01]} Bxf5 {[%emt 0:00:00]} 10. Nh4 {[%emt 0:00:01]} Be6 {[%emt 0:00:02]} 11. f4 {[%emt 0:00:01]} Nd5 {[%emt 0:00:07]} 12. f5 {[%emt 0:00:22]} Qxh4 {[%emt 0:00:08]} 13. fxe6 {[%emt 0:00:01] Lazieri3 offers a draw Lazieri3 offers a draw Lazieri3 offers a draw} Qd4+ {[%emt 0:00:54]} 14. Kh1 {[%emt 0:00:06]} Nxc3 {[%emt 0:00:05]} 15. bxc3 {[%emt 0:00:05]} Qxc3 {[%emt 0:00:00]} 16. Bf3 {[%emt 0:00:06]} Rab8 {[%emt 0:00:08]} 17. e7 {[%emt 0:00:19]} Nxe7 {[%emt 0:00:05]} 18. Rb1 {[%emt 0:00:01]} b6 {[%emt 0:00:05]} 19. Qe2 {[%emt 0:00:16]} Kh8 {[%emt 0:00:20]} 20. Be4 {[%emt 0:00:06]} d5 {[%emt 0:00:10]} 21. Bf3 {[%emt 0:00:08]} Nf5 {[%emt 0:00:03]} 22. Bxd5 {[%emt 0:00:06]} Rbd8 {[%emt 0:00:08]} 23. Be4 {[%emt 0:00:04]} g6 {[%emt 0:00:11]} 24. Rf3 {[%emt 0:00:11]} Nd4 {[%emt 0:00:04]} 25. Rxf8+ {[%emt 0:00:02]} Rxf8 {[%emt 0:00:01]} 26. Qe1 {[%emt 0:00:09]} Qxc2 {[%emt 0:00:04]} 27. Rc1 {[%emt 0:00:05]} Qf2 {[%emt 0:00:03]} 28. a4 {[%emt 0:00:10]} Qxe1+ {[%emt 0:00:03]} 29. Rxe1 {[%emt 0:00:01]} Kg7 {[%emt 0:00:00]} 30. h3 {[%emt 0:00:01]} Rf2 {[%emt 0:00:01]} 31. Ra1 {[%emt 0:00:02]} Re2 {[%emt 0:00:02]} 32. a5 {[%emt 0:00:01]} Nb3 {[%emt 0:00:01]} 33. Rb1 {[%emt 0:00:12]} Nd2 {[%emt 0:00:01]} 34. Ra1 {[%emt 0:00:02]} Nxe4 {[%emt 0:00:01]} 35. axb6 {[%emt 0:00:01] Time Time Time (Lag: Av=0.52s, max=1.4s) (Lag: Av=0.52s, max=1.4s) (Lag: Av=0.52s, max=1.4s)} 1-0

[Event "Stay Safe Play From Home 407"]
[Site "Emanuel Lasker Arena"]
[Date "2020.08.24"]
[Round "4"]
[White "Lucknow"]
[Black "Greblah"]
[Result "0-1"]
[WhiteElo "1960"]
[BlackElo "1953"]
[Annotator "NA"]
[PlyCount "62"]
[EventDate "2020.08.24"]
[EventType "swiss (blitz)"]

1. d4 {[%emt 0:00:03]} c6 {[%emt 0:00:00]} 2. c4 {[%emt 0:00:01]} d5 {[%emt 0:00:00]} 3. Nc3 {[%emt 0:00:03]} e5 {[%emt 0:00:02]} 4. cxd5 {[%emt 0:00:03]} cxd5 {[%emt 0:00:01]} 5. dxe5 {[%emt 0:00:01]} d4 {[%emt 0:00:01]} 6. Nb1 {[%emt 0:00:03]} Qa5+ {[%emt 0:00:01]} 7. Bd2 {[%emt 0:00:01]} Qxe5 {[%emt 0:00:02]} 8. Nf3 {[%emt 0:00:01]} Qd6 {[%emt 0:00:00]} 9. g3 {[%emt 0:00:01]} Nc6 {[%emt 0:00:01]} 10. Bg2 {[%emt 0:00:01]} Nf6 {[%emt 0:00:01]} 11. O-O {[%emt 0:00:01]} Bg4 {[%emt 0:00:02]} 12. Bf4 {[%emt 0:00:01]} Qd7 {[%emt 0:00:02]} 13. Ne5 {[%emt 0:00:04]} Nxe5 {[%emt 0:00:02]} 14. Bxe5 {[%emt 0:00:01]} Bc5 {[%emt 0:00:01]} 15. b4 {[%emt 0:00:09]} Bb6 {[%emt 0:00:02]} 16. h3 {[%emt 0:00:09]} Bh5 {[%emt 0:00:04]} 17. a4 {[%emt 0:00:05]} a5 {[%emt 0:00:03]} 18. bxa5 {[%emt 0:00:05]} Rxa5 {[%emt 0:00:03]} 19. Bxf6 {[%emt 0:00:02]} gxf6 {[%emt 0:00:01]} 20. Qb3 {[%emt 0:00:02]} Qe6 {[%emt 0:00:14]} 21. Qxe6+ {[%emt 0:00:14]} fxe6 {[%emt 0:00:01]} 22. g4 {[%emt 0:00:00]} Bg6 {[%emt 0:00:05]} 23. Bxb7 {[%emt 0:00:01]} Kd7 {[%emt 0:00:04]} 24. Rd1 {[%emt 0:00:03]} e5 {[%emt 0:00:02]} 25. Na3 {[%emt 0:00:04]} Rxa4 {[%emt 0:00:10]} 26. Nb5 {[%emt 0:00:08]} Rxa1 {[%emt 0:00:03]} 27. Rxa1 {[%emt 0:00:01]} Rb8 {[%emt 0:00:08]} 28. Bd5 {[%emt 0:00:10]} Bc5 {[%emt 0:00:06]} 29. Ra5 {[%emt 0:00:22]} Bb6 {[%emt 0:00:11]} 30. Ra6 {[%emt 0:00:04]} d3 {[%emt 0:00:01]} 31. exd3 {[%emt 0:00:08]} Bxd3 {[%emt 0:00:01] Lucknow gibt auf Lucknow gibt auf Lucknow gibt auf (Lag: Av=0.33s, max=0.4s) (Lag: Av=0.33s, max=0.4s) (Lag: Av=0.33s, max=0.4s)} 0-1

[Event "Stay Safe Play From Home 407"]
[Site "Emanuel Lasker Arena"]
[Date "2020.08.24"]
[Round "4"]
[White "Dukic"]
[Black "Klasman"]
[Result "1-0"]
[WhiteElo "1794"]
[BlackElo "1509"]
[Annotator "NA"]
[PlyCount "73"]
[EventDate "2020.08.24"]
[EventType "swiss (blitz)"]

1. d4 {[%emt 0:00:07]} f5 {[%emt 0:00:01]} 2. c4 {[%emt 0:00:01]} Nf6 {[%emt 0:00:01]} 3. Nc3 {[%emt 0:00:01]} e6 {[%emt 0:00:01]} 4. f3 {[%emt 0:00:02]} Bb4 {[%emt 0:00:01]} 5. Qd3 {[%emt 0:00:04]} d5 {[%emt 0:00:02]} 6. cxd5 {[%emt 0:00:05]} Nxd5 {[%emt 0:00:02]} 7. e4 {[%emt 0:00:04]} fxe4 {[%emt 0:00:08]} 8. fxe4 {[%emt 0:00:01]} Bxc3+ {[%emt 0:00:10]} 9. bxc3 {[%emt 0:00:09]} Nf6 {[%emt 0:00:09]} 10. Nf3 {[%emt 0:00:02]} O-O {[%emt 0:00:02]} 11. e5 {[%emt 0:00:06]} Ng4 {[%emt 0:00:06]} 12. Ng5 {[%emt 0:00:05]} g6 {[%emt 0:00:13]} 13. Ne4 {[%emt 0:00:03]} c5 {[%emt 0:00:12]} 14. Bg5 {[%emt 0:00:08]} Qd5 {[%emt 0:00:17]} 15. h3 {[%emt 0:00:06]} Nxe5 {[%emt 0:00:05]} 16. dxe5 {[%emt 0:00:03]} Rxf1+ {[%emt 0:00:07]} 17. Qxf1 {[%emt 0:00:13]} Qxe4+ {[%emt 0:00:01]} 18. Qe2 {[%emt 0:00:03]} Qxe2+ {[%emt 0:00:02]} 19. Kxe2 {[%emt 0:00:01]} Nc6 {[%emt 0:00:04]} 20. Bf6 {[%emt 0:00:03]} Bd7 {[%emt 0:00:09]} 21. Rac1 {[%emt 0:00:01]} Rf8 {[%emt 0:00:09]} 22. Rhd1 {[%emt 0:00:02]} Be8 {[%emt 0:00:04]} 23. Rd6 {[%emt 0:00:03]} Kf7 {[%emt 0:00:03]} 24. g4 {[%emt 0:00:06]} h6 {[%emt 0:00:02]} 25. Rf1 {[%emt 0:00:02]} Kg8 {[%emt 0:00:12]} 26. Rxe6 {[%emt 0:00:02]} Bf7 {[%emt 0:00:07]} 27. Rd6 {[%emt 0:00:03]} Bc4+ {[%emt 0:00:03]} 28. Ke1 {[%emt 0:00:04]} Bxf1 {[%emt 0:00:02]} 29. Kxf1 {[%emt 0:00:01]} Nxe5 {[%emt 0:00:01]} 30. Kg2 {[%emt 0:00:06]} Nf7 {[%emt 0:00:05]} 31. Rd7 {[%emt 0:00:02]} h5 {[%emt 0:00:06]} 32. g5 {[%emt 0:00:02]} Rd8 {[%emt 0:00:05]} 33. Rxb7 {[%emt 0:00:01]} Rd2+ {[%emt 0:00:02]} 34. Kg3 {[%emt 0:00:01]} Rxa2 {[%emt 0:00:01]} 35. Rc7 {[%emt 0:00:06]} Ra6 {[%emt 0:00:06]} 36. Rxc5 {[%emt 0:00:01]} Re6 {[%emt 0:00:02]} 37. Rc8+ {[%emt 0:00:01] Time Time Time (Lag: Av=0.43s, max=0.7s) (Lag: Av=0.43s, max=0.7s) (Lag: Av=0.43s, max=0.7s)} 1-0

[Event "Stay Safe Play From Home 407"]
[Site "Emanuel Lasker Arena"]
[Date "2020.08.24"]
[Round "5"]
[White "Mepe_Nika"]
[Black "Padmaesh M K"]
[Result "1-0"]
[WhiteElo "2377"]
[BlackElo "1844"]
[PlyCount "83"]
[EventDate "2020.08.24"]
[EventType "swiss (blitz)"]

1. Nf3 {[%emt 0:00:03]} Nf6 {[%emt 0:00:03]} 2. c3 {[%emt 0:00:02]} g6 {[%emt 0:00:00]} 3. d4 {[%emt 0:00:01]} Bg7 {[%emt 0:00:00]} 4. Bg5 {[%emt 0:00:01]} O-O {[%emt 0:00:00]} 5. Nbd2 {[%emt 0:00:01]} d6 {[%emt 0:00:03]} 6. e4 {[%emt 0:00:01]} Nbd7 {[%emt 0:00:01]} 7. Bc4 {[%emt 0:00:02]} e5 {[%emt 0:00:01]} 8. O-O {[%emt 0:00:01]} Re8 {[%emt 0:00:03]} 9. Re1 {[%emt 0:00:01]} h6 {[%emt 0:00:01]} 10. Bh4 {[%emt 0:00:04]} g5 {[%emt 0:00:02]} 11. Nxg5 {[%emt 0:00:15]} hxg5 {[%emt 0:00:04]} 12. Bxg5 {[%emt 0:00:00]} Nb6 {[%emt 0:00:08]} 13. Bb3 {[%emt 0:00:06]} Qd7 {[%emt 0:00:01]} 14. Re3 {[%emt 0:00:07]} Qg4 {[%emt 0:00:08]} 15. Rg3 {[%emt 0:00:02]} Qxd1+ {[%emt 0:00:02]} 16. Rxd1 {[%emt 0:00:00]} Kf8 {[%emt 0:00:03]} 17. Bh4 {[%emt 0:00:41]} Be6 {[%emt 0:00:10]} 18. dxe5 {[%emt 0:00:04]} dxe5 {[%emt 0:00:03]} 19. Nf3 {[%emt 0:00:01]} Bxb3 {[%emt 0:00:01]} 20. axb3 {[%emt 0:00:00]} Nxe4 {[%emt 0:00:05]} 21. Rg4 {[%emt 0:00:03]} Nf6 {[%emt 0:00:02]} 22. Rg5 {[%emt 0:00:06]} e4 {[%emt 0:00:05]} 23. Nd4 {[%emt 0:00:01]} Rad8 {[%emt 0:00:03]} 24. Ra1 {[%emt 0:00:02]} Rd5 {[%emt 0:00:33]} 25. Rxa7 {[%emt 0:00:05]} Rxg5 {[%emt 0:00:04]} 26. Bxg5 {[%emt 0:00:00]} Rb8 {[%emt 0:00:05]} 27. Nb5 {[%emt 0:00:03]} Ne8 {[%emt 0:00:06]} 28. Bf4 {[%emt 0:00:04]} Nd5 {[%emt 0:00:05]} 29. Bg3 {[%emt 0:00:04]} Ke7 {[%emt 0:00:04]} 30. c4 {[%emt 0:00:03]} Nb4 {[%emt 0:00:13]} 31. Nxc7 {[%emt 0:00:01]} Rd8 {[%emt 0:00:19]} 32. h4 {[%emt 0:00:07]} Rd7 {[%emt 0:00:07]} 33. Rxb7 {[%emt 0:00:08]} Nxc7 {[%emt 0:00:03]} 34. Rxb4 {[%emt 0:00:09]} Bxb2 {[%emt 0:00:02]} 35. c5 {[%emt 0:00:02]} Ne6 {[%emt 0:00:01]} 36. Rxe4 {[%emt 0:00:01]} Rd4 {[%emt 0:00:02]} 37. Bd6+ {[%emt 0:00:06]} Kd7 {[%emt 0:00:02]} 38. Re2 {[%emt 0:00:02]} Rd1+ {[%emt 0:00:01]} 39. Kh2 {[%emt 0:00:01]} Bg7 {[%emt 0:00:00]} 40. b4 {[%emt 0:00:02]} Rd5 {[%emt 0:00:00]} 41. g4 {[%emt 0:00:01]} Nd4 {[%emt 0:00:01]} 42. Re7+ {[%emt 0:00:02] Time Time Time (Lag: Av=0.53s, max=1.2s) (Lag: Av=0.53s, max=1.2s) (Lag: Av=0.53s, max=1.2s)} 1-0